000 01698nam0a2200301 4500
001 RU\NLR\bibl\417169
005 20260407085733.0
035 _a(NLR Aleph) 000411156
090 _a635987
_c635987
100 _a20030707d2002 |||y0rusy50 ca
101 0 _arus
102 _aRU
105 _aa |||||||||
200 1 _aМатериалы двенадцатой научно-практической конференции по проблемам механики и машиностроения, [июль 2001 г.]
_fПод ред. проф. Дворникова Л.Т.
210 _aНовокузнецк
_cСибГИУ
_d2002
215 _a219 с.
_cил.
_d20
300 _aВ надзаг.: М-во образования Рос. Федерации, Кузбас. науч. центр Сиб. отд-ния Междунар. акад. наук высш. шк., Сиб. гос. индустр. ун-т
320 _aБиблиогр. в конце ст.
606 0 _aМеханизмы
_jСъезды, совещания и т.п.
_xТеория
_91046438
_3RU\NLR\auth\6685734
606 0 _aМашин и механизмов теория
_jСъезды, совещания и т.п.
_92086099
_3RU\NLR\auth\661262226
606 0 _aМашиностроение
_jСъезды, совещания и т.п.
_91221571
_3RU\NLR\auth\66178864
686 _aК4я431
710 1 2 _aНаучно-практическая конференция по проблемам механики и машиностроения
_d12
_f2001
_eНовокузнецк
_3RU\NLR\AUTH\8810047083
_9593933
801 0 _aRU
_bNLR
_c20030707
_gPSBO
801 1 _aRU
_bNLR
_c20030707
942 _cBOOK
980 _aNB